| 000 | 00401 a2200121 4500 | ||
|---|---|---|---|
| 020 | _a0803959397 | ||
| 082 | _a300.72 STR | ||
| 100 | _aStrauss, Anselm | ||
| 245 |
_aBasics of Qualitative Research : techniques and procedures for developing grounded theory _cAnselm Strauss |
||
| 250 | _a2nd ed. | ||
| 260 |
_aLondon : New Delhi _bSage publications _c1998 |
||
| 300 |
_axiii, 312p. : _c25 cm |
||
| 650 | _aBasics of QualitativeResearch | ||
| 999 |
_c223 _d223 |
||